000 01647nam a22004697a 4500
001 000095297
003 CHAP
005 20220329143103.0
008 060224d2005 mx r 00110 spa d
010 _a91763
011 _a92735
035 _a103300
040 _cCHAP
090 _aTesis
100 1 _aTeodoro Jiménez, Martín.
_9112292
245 1 0 _aCultivo de calabaza /
_c/por Martín Teodoro Jiménez.
260 _aChapingo, Méx. :
_bEl autor,
_c2005.
300 _a171 p. :
_bilus.
502 _aTesis (Ing. Agr. Esp. en Fitotecnia) - - UACH. Departamento de Fitotecnia
590 _aALEPH
_b10
_c20130110
_lUCH01
_h1509
590 _aBATCH-UPD
_b10
_c20130110
_lUCH01
_h0127
590 _aBATCH-UPD
_b10
_c20130110
_lUCH01
_h1950
590 _aBATCH-UPD
_b10
_c20130409
_lUCH01
_h2122
590 _aBATCH-UPD
_b10
_c20130410
_lUCH01
_h1312
590 _aBATCH-UPD
_b10
_c20130914
_lUCH01
_h0814
590 _aBATCH-UPD
_b10
_c20140324
_lUCH01
_h1454
590 _aBATCH-UPD
_b10
_c20141002
_lUCH01
_h0828
590 _aCONVERSION
_b10
_c20130109
_lUCH01
_h1351
590 _aE12093SGE
_b10
_c20130607
_lUCH01
_h1420
650 1 4 _aCalabaza
_xEnfermedades.
_917269
650 1 4 _aCalabaza
_xMejoramiento.
_917283
650 1 4 _aCalabaza
_xPlagas.
_917289
650 1 4 _aCalabaza
_xRendimiento.
_917294
650 1 4 _aCalabaza
_xTecnología postcosecha.
_917299
856 _3Finding aid
_uhttp://10.13.5.2/tesis/103300.pdf
_zTeclea aquí
901 _aBK
905 _aLilia
942 _cCD
942 _n0
949 _aTesis
_bBC
_cTES
_d33724000979290
_eTS2
_fc.2
_h44698
_i103300
_si
949 _aTesis
_bBC
_cTES
_d33724000979357
_eTS1
_h44697
_i103300
_sb
999 _c91763
_d91763